书目信息 |
| 题名: |
沙皇俄国的海上扩张
|
|
| 作者: | 史剑 著 | |
| 分册: | ||
| 出版信息: | 北京 商务印书馆 1977 |
|
| 页数: | 63页 | |
| 开本: | 19cm | |
| 丛书名: | ||
| 单 册: | ||
| 中图分类: | K512.33 | |
| 科图分类: | ||
| 主题词: | 中世纪史--苏联--1462~1689 | |
| 电子资源: | ||
| ISBN: | ||
| 000 | 00624nam0 2200229 45 | |
| 001 | 0177000440 | |
| 005 | 20070926111829.60 | |
| 010 | @dCNY0.15 | |
| 100 | @a19951018d1977 em y0chiy0121 ea | |
| 101 | 0 | @achi |
| 102 | @aCN@b110000 | |
| 105 | @af z 000yy | |
| 200 | 10 | @a沙皇俄国的海上扩张@Asha huang e guo de hai shang kuo zhang@f史剑著 |
| 210 | @a北京@c商务印书馆@d1977 | |
| 215 | @a63页@c图@d19cm | |
| 300 | @a历史知识读物 | |
| 606 | @a中世纪史@y苏联@z1462~1689 | |
| 690 | @aK512.33@v3 | |
| 701 | 0 | @a史剑@Ashi jian@4著 |
| 801 | 0 | @aCN@bTSSF@c20070926 |
| 801 | 2 | @aCN@bNLC@c20060814 |
| 905 | @a10447@dK512.33@e37 | |
| 沙皇俄国的海上扩张/史剑著.-北京:商务印书馆,1977 |
| 63页:图;19cm |
| 历史知识读物 |
| ISBN :CNY0.15 |
| ● |
| 相关链接 |
|
|
|
|
正题名:沙皇俄国的海上扩张
索取号:K512.33/37
 
预约/预借
| 序号 | 登录号 | 条形码 | 馆藏地/架位号 | 状态 | 备注 |
| 1 | 0462633 | 204626333 | 密集书库/ [索取号:K512.33/37] | 在馆 | |
| 2 | 0609411 | 206094117 | 密集书库/ [索取号:K512.33/37] | 在馆 |